| 000 -ლიდერი |
| ფიქსირებული სიგრძის საკონტროლო ველი |
01986nam a22002657a 4500 |
| 003 - საკონტროლო ნომრის იდენტიფიკატორი |
| საკონტროლო ველი |
Ge_BSU |
| 005 - ბოლო ოპერაციის თარიღი და დრო |
| საკონტროლო ველი |
20230419171441.0 |
| 008 - ფიქსირებული სიგრძის მონაცემთა ელემენტები - ზოგადი ინფორმაცია |
| ფიქსირებული სიგრძის საკონტროლო ველი |
200611s2019ge xxu||||| |||| 00| 0 geo d |
| 020 ## - წიგნის საერთაშორისო სტანდარტული ნომერი |
| International Standard Book Number |
9789941226045 |
| 041 ## - ენის კოდი |
| Language code of text/sound track or separate title |
geo |
| 080 ## - უნივერსალური ათობითი კლასიფიკაციის ინდექსი |
| Universal Decimal Classification number |
61( 038) +811.124'36 ლ -16 |
| 245 ## - ცნობა სათაურის შესახებ |
| Title |
ლათინური სამედიცინო ტერმინოლოგიის საფუძვლები = Fundamenta terminologiae medicae latinae : |
| Remainder of title |
სახელმძღვანელო და სამუშაო რვეული უმაღლესი სამედიცინო სასწავლებლების სტუდენტებისათვის / |
| Statement of responsibility, etc |
ნანა ამირანაშვილი ; ნელი გიგოლაევა ; რუსუდან გიორგობიანი ; ნელი ხატიაშვილი ; რედ : ირინე კვაჭაძე ; მანანა ფხაკაძე. |
| 264 ## - წარმოების, გამოცემის, დისტრიბუციის და სხვა ცნობები |
| გამოცემის, წარმოების, დისტრიბუციის... ადგილი |
თბილისი : |
| გამოცემის, წარმოების, დისტრიბუციის... სახელწოდება |
უნივერსალი, |
| გამოცემის, წარმოების, დისტრიბუციის... თარიღი |
2019. |
| 300 ## - ფიზიკური აღწერა |
| Extent |
275 გვ.: |
| Dimensions |
24 სმ. |
| 653 ## - INDEX TERM--UNCONTROLLED |
| Uncontrolled term |
ლათინური სამედიცინო ტერმინოლოგია |
| 653 ## - INDEX TERM--UNCONTROLLED |
| Uncontrolled term |
მედიცინა |
| 700 ## - ADDED ENTRY--PERSONAL NAME |
| Personal name |
ამირანაშვილი, ნანა |
| 9 (RLIN) |
8372 |
| Relator term |
ავტორი. |
| 700 ## - ADDED ENTRY--PERSONAL NAME |
| Personal name |
გიგოლაევა, ნელი |
| 9 (RLIN) |
641 |
| Relator term |
ავტორი |
| 700 ## - ADDED ENTRY--PERSONAL NAME |
| Personal name |
გიორგობიანი, რუსუდან |
| 9 (RLIN) |
8373 |
| Relator term |
ავტორი |
| 700 ## - ADDED ENTRY--PERSONAL NAME |
| Personal name |
ხატიაშვილი, ნელი |
| 9 (RLIN) |
8374 |
| Relator term |
ავტორი |
| 700 ## - ADDED ENTRY--PERSONAL NAME |
| Personal name |
კვაჭაძე, ირინე |
| Relator term |
რედაქტორი |
| 9 (RLIN) |
6804 |
| 700 ## - ADDED ENTRY--PERSONAL NAME |
| Personal name |
ფხაკაძე, მანანა |
| Relator term |
რედაქტორი |
| 9 (RLIN) |
8375 |
| 710 ## - ADDED ENTRY--CORPORATE NAME |
| Corporate name or jurisdiction name as entry element |
თბილ. სახელმწ. სამედ. უნ-ტი, უცხოური ენების ცენტრი. |
| 9 (RLIN) |
8376 |
| 942 ## - ADDED ENTRY ELEMENTS (KOHA) |
| Source of classification or shelving scheme |
|
| Koha item type |
წიგნი |